1057 1759 1184 1033 1856 1896 1970 1280 1800 1598 1595 1155 1202 1531 1946 1158 1550 1752 1246 1829 1954 1976 1351 1339 1193 1513 1288 1648 1588 1349 1839 1536 1424 1123 1073 1772 1677 1950 1002 1179 1226 1985 1362 1003 1812 1483 1860 1038 1307 1954 1114 1407 1472 1820 1646 1672 1692 1386 1289 1003 1742 1751 1506 1886 1952 1194 1564 1857 1959 1512 1674 1477 1840 1419 1252 1229 1909 1596 1769 1228 1320 1786 1024 1922 1317 1587 1617 1357 1927 1584 1199 1174 1793 1523 1251 1282 1174 1456 1711 BCNSPRNW ULIB Ver.6.0+V

เปลี่ยนเป็นภาษาไทย

Change to English
 แสดงรายละเอียดบรรณานุกรม
  กลับหน้าหลัก

Brief Record : Get Marc (ISO 2709) : E-mail record : QR code < ปิดหน้าต่าง
LEADER : 00000nam 2200000uu 4500
001    13399120712
003     ULIB
008    120622s2544||||th 000 0 tha d
020    ^a9742938148
060 04 ^aWY159^bพ239ก ล.1
100 0  ^aพรทิพย์ ศิริบูรณ์พัฒนา
245 00 ^aการพยาบาลเด็ก^nเล่ม 1 /^cพรทิพย์ ศิริบูรณ์พัฒนา,บรรณาธิการ
250    ^aพิมพ์ครั้งที่ 1
260    ^aนนทบุรี :^bโครงการสวัสดิการวิชาการ สถาบันพระบรมราชชนกกระทรวงสาธารณสุข,^c2544
300    ^a[9], 255 หน้า :^bภาพประกอบ ;^c26 ซม.
650  7 ^aการพยาบาลกุมารเวชศาสตร์
700 0  ^aพรทิพย์ ศิริบูรณ์พิพัฒนา,^eบรรณาธิการ
710 2  ^aสถาบันพระบรมราชชนก. ^bโครงการสวัสดิการวิชาการ
945    ^p180^l0^i13894
995    ^aทศพร
999    ^aใช้งานได้ทุกระบบ
รายการนี้ยังไม่มีแท็ก
คุณยังไม่ได้ล็อกอิน คุณสามารถมีกิจกรรมร่วมกับเว็บไซต์ได้ แต่ต้องล็อกอินก่อน ::
  ล็อกอิน

รายการสื่อสารสนเทศ

ลำดับที่ ประเภท เลขเรียก/บาร์โค้ด สถานที่ สถานะ
1. Book การพยาบาล
Book การพยาบาล
WY159 พ239ก ล.1 ฉ.1 
  Barcode: 13894
ห้องสมุดวิทยาเขตนครสวรรค์
►หนังสือทั่วไป:l:General Books
บนชั้น

รายการใกล้เคียง
    ผู้แต่ง [พรทิพย์ ศิริบูรณ์พัฒนา]

    หัวเรื่อง [การพยาบาลกุมารเวชศาสตร์]

BibComment


ยังไม่เคยถูกคอมเมนท์

คอมเมนท์ทรัพยากรรายการนี้
  คอมเมนท์: การพยาบาลเด็ก เล..


 Copyright 2026. Bcnsprnw @Library